América antigua: arquitectura, arqueología y paisaje

Gespeichert in:
Bibliographische Detailangaben
1. Verfasser: Buján, Jorge F (VerfasserIn)
Format: Buch
Sprache:Spanisch
Veröffentlicht: Nobuko 2009
Ausgabe:1a. ed
Schriftenreihe:Colección Urbanismo
Schlagworte:
Tags: Tag hinzufügen
Keine Tags, Fügen Sie den ersten Tag hinzu!

MARC

LEADER 00000cam a2200000 a 4500
001 UCE1796
003 CL-VaPUC
008 140519e20090000ag |||||||||||||||||spa|d
020 |a 9789875842410 
082 0 4 |a 721.9  |b BUJ  |2 21 
100 0 |a Buján, Jorge F  |e author  |9 574174 
245 1 0 |a América antigua: arquitectura, arqueología y paisaje 
250 |a 1a. ed 
300 |a 346 p 
942 |c BK 
945 |d 20140519 10:12:00  |a dcastane 
260 |b Nobuko  |c 2009 
650 0 |a Arquitectura antigua  |9 262616 
650 0 |a Arquitectura americana  |9 266861 
650 0 |a Historia de la arquitectura  |9 266241 
583 |a last modification  |c 20140519 10:12:00  |k Rodrigo Vera 
490 0 |a Colección Urbanismo 
999 |c 355482  |d 355480 
952 |0 0  |1 0  |3 erb  |4 0  |6 721_900000000000000_BUJ_2009  |7 0  |8 A  |9 462230  |a BIBARQ  |b BIBARQ  |i 5080142  |o 721.9 BUJ 2009  |p 5080142  |r 2025-01-20  |w 2019-11-23  |y BK  |z Catalogado en:20140519  |k ARQ